Top 50 Highest Rated Players in NHL 16 - Statistics

General Stats
  • This quiz has been taken 947 times
  • The average score is 23 of 50
Answer Stats
Rating Position Answer % Correct
96 F Sidney Crosby
98%
93 F Alexander Ovechkin
91%
94 G Carey Price
87%
94 F Jonathan Toews
81%
92 F Patrick Kane
81%
92 F Evgeni Malkin
76%
93 F Steven Stamkos
73%
91 D Erik Karlsson
68%
93 D Drew Doughty
64%
91 D P.K Subban
64%
94 D Shea Weber
64%
93 D Duncan Keith
62%
93 G Henrik Lundqvist
60%
93 G Jonathan Quick
59%
91 F Patrice Bergeron
56%
92 F Anze Kopitar
53%
92 F Jamie Benn
53%
92 F John Tavares
53%
92 G Tuukka Rask
53%
91 F Tyler Seguin
50%
92 G Pekka Rinne
49%
91 D Victor Hedman
49%
92 F Corey Perry
48%
91 F Ryan Getzlaf
47%
90 F Nicklas Backstrom
46%
91 G Braden Holtby
43%
89 F Phil Kessel
41%
90 F Claude Giroux
40%
90 D Roman Josi
37%
90 F Taylor Hall
37%
91 F Vladimir Tarasenko
37%
90 G Sergei Bobrovsky
36%
93 F Pavel Datsyuk
35%
93 D Ryan Suter
35%
92 F Henrik Zetterberg
34%
90 F Joe Pavelski
34%
90 F Zach Parise
30%
90 D Alex Pietrangelo
28%
90 F Marian Hossa
27%
89 F Max Pacioretty
23%
89 G Frederik Andersen
22%
90 F Jakub Voracek
22%
90 F Jeff Carter
19%
89 D Oliver Ekman-Larsson
19%
89 D Mark Giordano
17%
89 F Ryan Kesler
16%
90 G Cory Schneider
15%
90 D Ryan McDonagh
14%
90 D Kevin Shattenkirk
11%
89 F Ryan Johansen
11%
No matching quizzes found
Score Distribution
Percent of People with Each Score
Percentile by Number Answered
Your Score History
You have not taken this quiz